<?xml version="1.0" encoding="UTF-8"?>
<record
    xmlns:xsi="http://www.w3.org/2001/XMLSchema-instance"
    xsi:schemaLocation="http://www.loc.gov/MARC21/slim http://www.loc.gov/standards/marcxml/schema/MARC21slim.xsd"
    xmlns="http://www.loc.gov/MARC21/slim">

  <leader>00793cam a22002535a 4500</leader>
  <controlfield tag="001">ssib023577608</controlfield>
  <controlfield tag="003">OSt</controlfield>
  <controlfield tag="005">20160424135303.0</controlfield>
  <controlfield tag="008">150619t2016    nyua   frb    001 2 eng d</controlfield>
  <datafield tag="020" ind1=" " ind2=" ">
    <subfield code="a">9780071847841</subfield>
  </datafield>
  <datafield tag="020" ind1=" " ind2=" ">
    <subfield code="a">0071847847</subfield>
  </datafield>
  <datafield tag="040" ind1=" " ind2=" ">
    <subfield code="a">BIP US</subfield>
    <subfield code="d">WaSeSS</subfield>
    <subfield code="d">EG-ScBUE</subfield>
    <subfield code="b">eng</subfield>
  </datafield>
  <datafield tag="082" ind1="0" ind2="4">
    <subfield code="a">624.18341</subfield>
    <subfield code="2">22</subfield>
    <subfield code="b">FAN</subfield>
  </datafield>
  <datafield tag="100" ind1="1" ind2=" ">
    <subfield code="a">Fanella, David Anthony.</subfield>
    <subfield code="9">39892</subfield>
  </datafield>
  <datafield tag="245" ind1="1" ind2="0">
    <subfield code="a">Reinforced concrete structures :</subfield>
    <subfield code="b">analysis and design /</subfield>
    <subfield code="c">David A. Fanella.</subfield>
  </datafield>
  <datafield tag="250" ind1=" " ind2=" ">
    <subfield code="a">2nd ed.</subfield>
  </datafield>
  <datafield tag="260" ind1=" " ind2=" ">
    <subfield code="a">New York : </subfield>
    <subfield code="b">McGraw-Hill Education,</subfield>
    <subfield code="c">c.2016.</subfield>
  </datafield>
  <datafield tag="300" ind1=" " ind2=" ">
    <subfield code="a">xii, 964 p. :</subfield>
    <subfield code="b">ill. ;</subfield>
    <subfield code="c">24 cm.</subfield>
  </datafield>
  <datafield tag="500" ind1=" " ind2=" ">
    <subfield code="a">Index : p. 947-964.</subfield>
  </datafield>
  <datafield tag="504" ind1=" " ind2=" ">
    <subfield code="a">Includes bibliographical references.</subfield>
  </datafield>
  <datafield tag="650" ind1=" " ind2="7">
    <subfield code="a">Reinforced concrete construction.</subfield>
    <subfield code="2">BUEsh</subfield>
    <subfield code="9">17951</subfield>
  </datafield>
  <datafield tag="653" ind1=" " ind2=" ">
    <subfield code="b">BUSADM</subfield>
    <subfield code="c">April2016</subfield>
  </datafield>
  <datafield tag="942" ind1=" " ind2=" ">
    <subfield code="2">ddc</subfield>
  </datafield>
  <datafield tag="999" ind1=" " ind2=" ">
    <subfield code="c">21676</subfield>
    <subfield code="d">21648</subfield>
  </datafield>
  <datafield tag="952" ind1=" " ind2=" ">
    <subfield code="0">0</subfield>
    <subfield code="1">0</subfield>
    <subfield code="2">ddc</subfield>
    <subfield code="4">0</subfield>
    <subfield code="7">0</subfield>
    <subfield code="8">Alahram</subfield>
    <subfield code="a">MAIN</subfield>
    <subfield code="b">MAIN</subfield>
    <subfield code="c">1ST</subfield>
    <subfield code="d">2016-04-24</subfield>
    <subfield code="e">Purchase</subfield>
    <subfield code="g">1140.00</subfield>
    <subfield code="l">1</subfield>
    <subfield code="m">17</subfield>
    <subfield code="o">624.18341 FAN</subfield>
    <subfield code="p">000032403</subfield>
    <subfield code="r">2025-10-20 00:00:00</subfield>
    <subfield code="s">2017-03-13</subfield>
    <subfield code="v">1425.00</subfield>
    <subfield code="y">BB</subfield>
  </datafield>
</record>
